000 01194nam a22002537a 4500
005 20170124103200.0
010 _aB-185953
020 _c250.00
_a8187524774
035 _aB-185953
037 _bCen Lib/Ret
040 _aDPL
_bHN
082 _a320.55
_bसक्सेना
100 _aसक्सेना, प्रदीप
_991386
245 _aकाले सूरज की रोशनी :
_cप्रदीप सक्सेना
_bअर्थात विवेकवादी कसौटियों पर राष्ट्रीय स्वम्सेवक संघ /
246 _aKale soorak ki roshani : arthat kasuatiyon par rashtriya swamsevak sangh /
_bby Pradeep Saksena
260 _aमेरठ
_bसंवाद प्रकाशन
_c2006
270 _bमेरठ
_aआई, शास्त्री नगर
_e250004
300 _a224पृ.
_c21सेमी(सजिल्द )
650 _aहिन्दू विश्वास
_x
_z
_991387
650 _aहिंदुत्व
_991388
650 _aHindu faith
_991389
650 _aHinduism
_991390
942 _2ddc
_cHN
_h320.55
_mसक्सेना
999 _c120578
_d120578